=LDR 00000nam 2200000 4500 =001 INLIS000000000041336 =005 20130612150857 =008 ***********************************ind** =035 ##$$0010-061300000041336 =041 ##$$a ind =082 ##$$a 312.059 85 =090 ##$$a 312.059 85, Has h =245 ##$$a Hasil olah cepat penduduk indonesia, menurut provinsi, Kabupaten/Kota dan Kecamatanbsensus penduduk 2010 =260 ##$$a 2010 $b Jakarta =300 ##$$a 218 hlm, 22 cm =650 ##$$a Statistik penduduk indonesia =710 ##$$a Badan Pusat Statistik =850 ##$$a NNT-CD